Higher Surveying Principles and practice of surveying volume ii

Bibliographic Details
Main Author: Breed, Charles B
Format: Book
Published: New York : John Wiley & Sons Inc , 1962
Edition:8th edition
Subjects:

MARC

LEADER 00000cam a2200000 7i4500
001 0000007906
005 20160927.0
040 |a INS 
090 0 0 |a TA545   |b B74 1962 
100 0 |a Breed, Charles B 
245 0 0 |a Higher Surveying Principles and practice of surveying volume ii   |c Charles B. Breed, George L. Hosmer 
250 |a 8th edition 
260 |a New York :   |b John Wiley & Sons Inc ,   |c 1962 
300 |a 543p :   |b 19 cm 
650 0 0 |a Surveying   |x Handbooks, manuals, etc. 
999 |a 0000023837   |b BOOK   |c Open Shelf   |e Default branch